LIBRARY & INFORMATION CENTRE, KCAET, TAVANUR

ONLINE PUBLIC ACCESS CATALOGUE (OPAC)

Engineering surveying / (Record no. 1902)

MARC details
000 -LEADER
fixed length control field 00429cam a2200181ua 4500
020 ## - INTERNATIONAL STANDARD BOOK NUMBER
ISBN 0-7121-3478-X
041 ## - LANGUAGE CODE
Language code of text/sound track or separate title eng
082 ## - DEWEY DECIMAL CLASSIFICATION NUMBER
Classification number 624.1517
Item number SHE/EN
100 ## - MAIN ENTRY--AUTHOR NAME
Personal name Shepherd, F A .
245 ## - TITLE STATEMENT
Title Engineering surveying /
250 ## - EDITION STATEMENT
Edition statement 2 /
260 ## - PUBLICATION, DISTRIBUTION, ETC. (IMPRINT)
Place of publication :
Name of publisher Edward Arnold ,
Year of publication 1983.
300 ## - PHYSICAL DESCRIPTION
Number of Pages 370 ; .
942 ## - ADDED ENTRY ELEMENTS (KOHA)
Koha item type Books
Holdings
Withdrawn status Lost status Damaged status Home library Current library Date acquired Full call number Accession Number Koha item type
      KAUAET KAUAET 07/04/2012 624.1517 SHE/EN 16786 Books
      KAUAET KAUAET 07/04/2012 624.1517 SHE/EN 16787 Books
free website counter